00929nab a2200265uuc4500001000800000005001700008008004100025035001200066035002100078040001300099041000800112100004000120245010000160260001000260650002800270650003300298650003400331650002400365650002400389650004300413650002900456773014900485942001000634999001900644114943020240202091824.0090611s2008 eng  a1149430 a(OCoLC)820481642 ccomduadb aeng10aCasasanto, Daniel4auteaut957147110aWho's afraid of the big bad Whorf? crosslinguistic differences in temporal language and thought c2008. aWhorf, Benjamin9183397 aLanguage and thinking979801 aPensamiento y lenguaje935629 aTemporality9157690 aTemporalidad953884 aInterferencia (Lingüística)910554 aCrosslinguistics91831200 tLanguage Learning : a Journal of Research in Language Studies ( Estados Unidos)gVol. 58, 2008 (Supplement), p. 63-79w686241x0023-83330209019 cARIMP c506832d506832